| 000 | 004160000a22001810004500 | ||
|---|---|---|---|
| 003 | MACL | ||
| 005 | 20151222171249.0 | ||
| 008 | 151222b xxu||||| |||| 00| 0 eng d | ||
| 040 |
_aMACL _cMACL |
||
| 041 | _aEnglish | ||
| 082 | _a704.942/PAN | ||
| 100 |
_aPande, Dr Alka _922269 |
||
| 245 | _aIndian Erotica | ||
| 260 | _bLustre Press | ||
| 350 | _a695 | ||
| 650 |
_aArts _922270 |
||
| 942 |
_cBK _k704.942/PAN _2ddc |
||
| 999 |
_c40107 _d40107 |
||